Arms control and Iranian foreign policy : (Record no. 13867)

000 -LEADER
fixed length control field 01647cam a2200325 a 4500
001 - CONTROL NUMBER
control field 17198680
005 - DATE AND TIME OF LATEST TRANSACTION
control field 20170105102841.0
008 - FIXED-LENGTH DATA ELEMENTS--GENERAL INFORMATION
fixed length control field 120307s2012 nyu b 001 0 eng
010 ## - LIBRARY OF CONGRESS CONTROL NUMBER
LC control number 2012007719
020 ## - INTERNATIONAL STANDARD BOOK NUMBER
International Standard Book Number 9780415611657 (hbk : alk. paper)
040 ## - CATALOGING SOURCE
Original cataloging agency DLC
Transcribing agency DLC
042 ## - AUTHENTICATION CODE
Authentication code pcc
043 ## - GEOGRAPHIC AREA CODE
Geographic area code a-ir---
050 00 - LIBRARY OF CONGRESS CALL NUMBER
Classification number JZ6009.I7
Item number P57 2012
082 00 - DEWEY DECIMAL CLASSIFICATION NUMBER
Classification number 327.1/740955
Edition number 23
100 1# - MAIN ENTRY--PERSONAL NAME
Personal name Pirseyedi, Bobi.
245 10 - TITLE STATEMENT
Title Arms control and Iranian foreign policy :
Remainder of title diplomacy of discontent /
Statement of responsibility, etc. Bobi Pirseyedi.
260 ## - PUBLICATION, DISTRIBUTION, ETC.
Place of publication, distribution, etc. New York :
Name of publisher, distributor, etc. Routledge,
Date of publication, distribution, etc. 2012.
300 ## - PHYSICAL DESCRIPTION
Extent xv, 288 p. ;
Dimensions 24 cm.
504 ## - BIBLIOGRAPHY, ETC. NOTE
Bibliography, etc. note Includes bibliographical references (p. 179-279) and index.
505 0# - FORMATTED CONTENTS NOTE
Formatted contents note Introduction -- Part 1. Conventional arms control: Islamic Iran and the shah's military legacy; arms control in the context of war: the Iran--Iraq conflict; from the cease-fire to global security networking -- Part 2. Chemical and biological arms control: Iraqi chemical threat; Iran's post-war chemical diplomacy; Islamic Iran and biological arms control -- Part 3. Nuclear arms control: formation of a diplomatic approach; from the cease-fire to the Test-Ban Treaty; from the test-ban to Iran's signing of the additional protocol -- Conclusion.
650 #0 - SUBJECT ADDED ENTRY--TOPICAL TERM
Topical term or geographic name entry element Arms control
Geographic subdivision Iran
General subdivision History.
650 #0 - SUBJECT ADDED ENTRY--TOPICAL TERM
Topical term or geographic name entry element Disarmament
Geographic subdivision Iran
General subdivision History.
651 #0 - SUBJECT ADDED ENTRY--GEOGRAPHIC NAME
Geographic name Iran
General subdivision Foreign relations
Chronological subdivision 1979-1997.
651 #0 - SUBJECT ADDED ENTRY--GEOGRAPHIC NAME
Geographic name Iran
General subdivision Foreign relations
Chronological subdivision 1997-
651 #0 - SUBJECT ADDED ENTRY--GEOGRAPHIC NAME
Geographic name Iran
General subdivision Military policy.
906 ## - LOCAL DATA ELEMENT F, LDF (RLIN)
a 7
b cbc
c orignew
d 1
e ecip
f 20
g y-gencatlg
942 ## - ADDED ENTRY ELEMENTS (KOHA)
Source of classification or shelving scheme
Koha item type Book
Holdings
Withdrawn status Lost status Damaged status Not for loan Collection code Permanent Location Current Location Shelving location Date acquired Total Checkouts Full call number Barcode Date last seen Price effective from Koha item type
          Centre for International Peace & Stability (CIPS) Centre for International Peace & Stability (CIPS) General Stacks 08/01/2013   327.1/740955 PIR 2013 CIPS0000008 08/02/2013 08/02/2013 Book
© 2023 Central Library, National University of Sciences and Technology. All Rights Reserved.